00409nam a2200169Ia 4500008004100000020001400041245002200055245004600077260001500123260001600138260000900154300001400163300002500177300001000202500000800212999001900220170705s9999 xx 000 0 und d a590897489 aChato's kitchen / cGary Soto ; illustrated by Susan Guevara. aNew York : bScholastic, c1995 aunpaged : bcolor illustration ; c27cm. a740 c336346d336346